Statistiques concernant Culture Générale - Série 1510

Cliquez ici pour prendre le quiz!

Statistiques générales

  • Ce quiz a été pris 92 fois
  • Le résultat moyen est 5 sur 10

Statistiques - réponses

QuestionRéponse% Correct
Étymologiquement, à quel animal se rapporte l'adjectif "caprin" ?chèvre
81%
Dans quel pays se situe le port méditerranéen de Gabès ?Tunisie
73%
Quel mot désigne un magnétophone spécifiquement destiné à dicter le courrier ?dictaphone
65%
Quel nom désigne les deux organes, en forme d'amande, situés sur la paroi latérale du pharynx ?amygdales
60%
Dans la série d'animation : "Le Manège enchanté", l'ami de Margote est un chien du nom de ...Pollux
52%
De quel pays Kandahar est-elle l'une des villes principales ?Afghanistan
47%
Quel nom d'art martial coréen peut se traduire par : "La voie du pied et du poing" ?taekwondo
45%
Dans les courses hippiques, quel mot anglais désigne la voiture légère à deux roues, sans caisse, utilisée pour le trot attelé ?sulky
33%
Dans quelle ville se déroule chaque année : le Prix du Jockey-Club, surnommé le "derby français" ?Chantilly
24%
Dans le film d'animation "Là-haut", sorti en 2009, comment se prénomme le garçon qui accompagne Carl ?Russel
5%

Distribution des résultats

Percentile par nombre de réponses

% des personnes avec chaque résultat

Votre développement - résultats

Vous n’avez pas pris ce quiz